| 000 | 01053cam a2200289 4500 | ||
|---|---|---|---|
| 999 |
_c130199 _d130199 |
||
| 001 | 4546279 | ||
| 003 | ARRUPE | ||
| 005 | 20200129094938.0 | ||
| 008 | 720314s1971 ohua 000 0aeng | ||
| 010 | _a 70165752 | ||
| 020 | _a0873381211 | ||
| 040 |
_aDLC _cDLC _dDLC |
||
| 050 | 0 | 0 |
_aDA87.1.N4 _bA45 1971 |
| 082 | 0 | 0 | _a940.2/7/0924 |
| 100 |
_aNelson, Horatio _949092 |
||
| 245 | 1 | 0 |
_aNelson's last diary. _cA facsimile edited by Oliver Warner. _bHoratio Nelson |
| 260 |
_aLondon _bSeeley, Service and co. _c[1971] |
||
| 300 |
_a80 p. _billus. _c25 cm. |
||
| 350 | _a$6.00 | ||
| 500 | _aContains a photocopy of the hand-written diary for the period Sept. 13/14-Oct. 21, 1805 with a printed transcription. | ||
| 600 | 1 | 0 |
_aNelson, Horatio Nelson, _cViscount, _d1758-1805 _xDiaries. _949093 |
| 650 | 0 |
_aAdmirals _zGreat Britain _xDiaries. _949094 |
|
| 651 | 0 |
_aGreat Britain _xHistory, Naval _y19th century. _949088 |
|
| 700 | 1 |
_aWarner, Oliver, _d1903-1976. _949095 |
|
| 906 |
_a7 _bcbc _corignew _d2 _encip _f19 _gy-gencatlg |
||
| 942 |
_2lcc _cMONOGRAPH |
||